Sports Quiz

Random Sports or NFL Quiz

Find the NFL Hall of Fame Inductees (QBs) Quiz Stats

 Plays Quiz Updated Mar 8, 2018

Score 0/16 Timer 03:00
2 Plays Today
% Correct
Dan Marino (2005)
95.7%
Brett Favre (2016)
94.9%
Joe Montana (2000)
94.6%
John Elway (2004)
93.1%
Troy Aikman (2006)
92.8%
Kurt Warner (2017)
92.6%
Warren Moon (2006)
92.2%
Terry Bradshaw (1989)
91.3%
% Correct
Steve Young (2005)
90.1%
Jim Kelly (2002)
89.9%
Joe Namath (1985)
88.8%
Roger Staubach (1985)
87%
Bart Starr (1977)
86.3%
Johnny Unitas (1979)
85.9%
Fran Tarkenton (1986)
85.1%
Ken Stabler (2016)
84.2%

You're not logged in!

Compare scores with friends on all Sporcle quizzes.
Join for Free
OR
Log In

You Might Also Like...

Show Comments

Extras

Top Quizzes Today


Score Distribution

Your Account Isn't Verified!

In order to create a playlist on Sporcle, you need to verify the email address you used during registration. Go to your Sporcle Settings to finish the process.

Report this User

Report this user for behavior that violates our Community Guidelines.

Details: